000 00940cam a2200241 4500
001 ABS65220
008 020405n2002 000 0 eng u
035 _a(Sirsi) u117391
100 _aCave, A.
245 _aEntry and reception
260 _c2002
490 _aAccess by Design
_v(90) Spring 2002,14-16(3)
520 _aLooks at good practice and innovative design for improving accessibility. Examines entrances and reception areas, firstly by identifying access problems, looking at the lobby area and internal finishes.
590 _aABS
650 _aRECEPTION AREAS
650 _aGOOD PRACTICE
650 _aMANAGEMENT-BUSINESS MANAGEMENT-DISCRIMINATION-DISABILITY DISCRIMINATION-ACCESSIBILITY
650 _aMANAGEMENT-BUSINESS MANAGEMENT-DISCRIMINATION-DISABILITY DISCRIMINATION-ACCESSIBILITY
650 _aINTERNAL FINISHES
650 _aENTRANCES
690 _aBUILT ENVIRONMENT-CONSTRUCTION DESIGN
942 _n0
999 _c69935
_d69935